[Event "Washington Girls Championship"]
[Site "Chess.com"]
[Date "2021.02.27"]
[Round "3"]
[White "Velea, Anne-Marie"]
[Black "Tien, Sophie"]
[Result "0-1"]
[WhiteElo "2103"]
[BlackElo "2018"]
[Annotator "Ralph Dubisch"]
[PlyCount "80"]
[EventDate "2021.02.27"]
[EventType "swiss"]
[EventRounds "5"]
[TimeControl "5400+10"]

{[%evp 0,80,27,18,18,13,20,5,2,-11,6,-35,-48,-42,-42,-43,-43,-55,-41,-35,-43,
-43,-29,-43,-3,-8,-2,10,-8,-9,13,18,31,-3,-2,-2,-2,-2,11,2,4,0,-9,-50,-58,-40,
-40,-32,-31,-31,1,0,19,2,22,-14,-4,-75,-44,-47,0,-121,-149,-106,-111,-204,-221,
-237,-211,-273,-140,-187,-119,-119,-93,-483,-345,-2887,-2853,-3465,-29970,
-29981,-29982]} 1. e4 e5 2. Nc3 Nc6 3. Bc4 Nf6 4. d3 Bc5 5. f4 d6 6. Nf3 a6 ({
Another interesting line is} 6... Bg4 7. Na4 Bxf3 8. Qxf3 Nd4 9. Qd1 b5 {
, and now White's only real chance for advantage seems to be the speculative
piece sacrifice} 10. Bxf7+ (10. Nxc5 bxc4 11. fxe5 dxc5 12. exf6 Qxf6 $13)
10... Kxf7 11. Nxc5 dxc5 12. fxe5 Nd7 13. O-O+ {, when White's mobile central
pawn mass and Black's vulnerable king offer compensation.}) 7. h3 $6 ({This
weakens kingside dark squares.} 7. Nd5 Nxd5 8. Bxd5) (7. f5 h6 8. Qe2 {.}) 7...
h6 (7... Be6) 8. Bd2 Be6 9. Bxe6 (9. Bb3) 9... fxe6 $15 10. fxe5 $6 (10. Ne2
O-O 11. c3 {, perhaps.}) 10... dxe5 ({Black could choose some dynamic
sacrificial play, based on the weak kingside dark squares and restricted white
king:} 10... Nh5 $1 11. exd6 O-O $1 {White's troubles are very real, for
example} 12. dxc7 $4 Qh4+ $3 13. Nxh4 Bf2+ 14. Ke2 Ng3# {.}) 11. Ne2 Nh5 12.
Bc3 O-O 13. Qd2 Qd6 14. O-O-O {White now breathes a sigh of relief at having
extricated her king from the center.} Rad8 15. Rhf1 b5 16. g4 Nf4 17. Nxf4 exf4
18. d4 Bb6 19. e5 Qd5 20. b3 a5 21. h4 b4 22. Bb2 a4 23. Qd3 (23. h5 $5 $13)
23... Rd7 (23... a3 24. Ba1 Ne7 25. h5 c5 $15) 24. g5 a3 25. Ba1 hxg5 $6 (25...
Rfd8 $13) 26. hxg5 (26. Nxg5 Rf5 27. Qe2 g6 28. Nf3 $13) 26... Ne7 $6 (26...
Rf5) 27. Rh1 $6 (27. g6 $1 Nf5 (27... Rf5 28. Nh4) 28. Qe2 $14) 27... Nf5 28.
Rh3 (28. g6 $1 $14) 28... Kf7 {Time to promenade.} 29. g6+ Ke8 30. Qd2 $6 (30.
c4 bxc3 31. Bxc3 $13) 30... Ne3 (30... c5 $5) 31. Rdh1 (31. Qxb4 $5) 31... c5
$1 32. Ng5 cxd4 33. Rh8 Bc5 34. Rxf8+ Bxf8 35. Rh8 Qb5 (35... d3 $1) 36. Qd3
Qc6 $6 (36... Qxd3 37. cxd3 Rc7+ 38. Kb1 Rc2 39. Nxe6 (39. Bxd4 Rd2 40. Bxe3
fxe3) 39... Ke7 40. Nxd4 Rg2 41. Rh1 Rxg6 $19) (36... Qxe5 37. Nh7 $2 Ke7 38.
Rxf8 Qh5 39. Rf7+ Kd8 40. Rxd7+ Kxd7 41. Qxd4+ Ke8 $19 {White has literally no
defense to mate, despite the extra piece.}) 37. Qd2 $2 ({Giving up the
blockade of the d-pawn can't be a good idea.} 37. Ne4 {offers White much more
hope:} Nf5 $2 (37... f3 $1 38. Bxd4 f2 $1 39. Nxf2 Nf5 $17) 38. Nd6+ Nxd6 39.
exd6 Qxd6 40. Qe4 {with activity.}) 37... d3 $1 38. Rxf8+ Kxf8 39. Qxb4+ Ke8
40. Qb8+ Rd8 0-1

[Event "WA Spring Mini Teams Championship"]
[Site "Chess.com"]
[Date "2021.03.13"]
[Round "?"]
[White "Ackerman, Ryan"]
[Black "Yu, Justin"]
[Result "1-0"]
[WhiteElo "1922"]
[BlackElo "1992"]
[Annotator "Ralph Dubisch"]
[PlyCount "83"]
[EventDate "2021.03.13"]

1. d4 Nf6 2. c4 c5 3. d5 b5 4. cxb5 a6 5. bxa6 g6 6. Nc3 Bxa6 7. e4 Bxf1 8.
Kxf1 d6 9. g3 Bg7 10. Kg2 Nbd7 11. Nf3 O-O 12. a4 Ng4 ({Other theory:} 12...
Qa5 13. Bd2 Rfb8 (13... Qa6) 14. Nb5 Qd8 15. Qc2) (12... Ra6 13. Qc2 Qa8 14.
Nb5) (12... Qb6 13. Qe2 Rfb8 14. Nb5 {. None of this looks like full
compensation for the pawn, though.}) 13. Qc2 Qa5 (13... c4 $5) 14. Bd2 Qb4 15.
Rhb1 (15. Ra3 $5) 15... Qc4 16. b3 Qa6 17. h3 Nge5 18. Nxe5 Nxe5 19. Nb5 Rfc8
20. Bc3 c4 21. b4 $16 {Black's opening has failed to deliver the queenside
pressure that is supposed to flow naturally from a Benko Gambit. Much of the
blame falls on the tempo-eating maneuver of the black queen that allowed White
to develop, reposition pieces to favorable squares, and advance the b-pawn.}
Nd3 22. Bxg7 Kxg7 23. Qc3+ Kg8 24. Nd4 Qa7 (24... e5 25. dxe6 Qb7 26. exf7+
Qxf7 27. Rf1 $16) 25. b5 Qc5 (25... e5 26. dxe6 fxe6 27. b6 Qb7 28. f3 d5 29.
e5 Nxe5 30. Qe3 $18) 26. b6 Ra5 27. b7 Rb8 28. Ra2 Ra7 29. Rb5 Qc7 30. Nc6
Rbxb7 31. Qxc4 ({Or simply} 31. Nxa7 Rxa7 32. a5 $18 {.}) 31... Ne5 (31... Ne1+
32. Kf1 Nf3 33. a5 (33. Qb3 Rxb5 34. axb5 Rxa2 35. Qxa2 {is also obviously
good for White.}) 33... Ne5 (33... Ra8 34. Rb6 Qc8 35. g4 {, and now the
attempt to reach a repetition draw through} Nh2+ 36. Kg2 Nxg4 {fails to} 37.
Rxb7 $18 {.}) 34. Rxb7 Qxb7 35. Nxe5 dxe5 36. a6 $18) 32. Qc2 Nxc6 33. dxc6 Rb6
34. Rxb6 Qxb6 35. a5 Qc7 36. a6 Kf8 37. Qb2 e5 38. Qb7 Rxb7 39. cxb7 Ke7 40. a7
Qc6 41. b8=Q Qxe4+ 42. Kh2 1-0

[Event "SCC Tornado"]
[Site "Chess.com"]
[Date "2021.03.14"]
[Round "3"]
[White "Nicoski, Aaron"]
[Black "Ingram, Richard"]
[Result "1-0"]
[WhiteElo "1789"]
[BlackElo "1880"]
[Annotator "Ralph Dubisch"]
[PlyCount "151"]
[EventDate "2021.03.14"]
[TimeControl "3600+5"]

{[%evp 0,151,26,26,26,17,24,29,42,39,27,36,37,39,22,26,19,15,16,4,15,20,44,48,
51,13,10,20,24,17,17,27,29,16,36,35,35,23,55,15,21,23,80,84,51,82,85,79,96,87,
93,25,22,27,27,30,30,24,98,104,107,100,99,93,94,98,101,90,89,88,87,87,90,88,
101,100,98,95,114,106,106,101,152,103,60,63,91,66,161,201,214,222,264,263,357,
281,269,276,276,269,284,284,276,264,294,166,166,209,272,416,451,499,502,85,335,
502,601,742,1212,502,508,554,540,1007,1244,972,972,1016,1269,1269,1279,1279,
1279,1279,1289,27509,1299,29962,29963,29974,29975,29976,29977,29978,29979,
29980,29981,29982,29983,29970,29991,29992,29993,29994]} 1. d4 Nf6 2. Bf4 e6 3.
e3 b6 4. Nf3 Bb7 5. Bd3 Be7 6. h3 O-O 7. O-O c5 8. c3 Nc6 9. Nbd2 d6 10. Qe2
cxd4 11. exd4 Re8 12. Ba6 $6 ({Strategically unfortunate. White has an edge in
space and some kingside chances based on the half-open e-file, and the
light-square bishop has a potential future pressuring the b1-h7 diagonal.
White should not be seeking exchanges in general, and definitely not of this
specific piece.} 12. Rfe1 $14) 12... Bxa6 13. Qxa6 Qd7 14. Rfe1 Rad8 (14... b5
$5 15. Qxb5 Rab8 16. Qd3 Rxb2 17. Nc4 Rbb8) (14... Rac8) 15. Rad1 (15. Qd3 e5
$5) 15... Nd5 16. Bh2 Nc7 17. Qd3 Nd5 18. Nc4 Nf6 19. Rd2 Rc8 20. Ne3 h6 (20...
d5 {at least avoids the isolated pawn issue.}) 21. d5 $1 exd5 22. Nxd5 Nxd5 23.
Qxd5 Rcd8 (23... Na5 $5 {discourages the capture on d6:} 24. Bxd6 $6 (24. Rde2
$14) 24... Bxd6 25. Qxd6 (25. Rxe8+ $2 Qxe8 26. Qxd6 Nc4 $19) 25... Rxe1+ 26.
Nxe1 Qe8 27. Rd1 Nc4 28. Qb4 Qe2 $17 {Black is getting far too much activity.})
({Black may also succeed in holding with a long passive defense.} 23... Bf8 24.
Rxe8 ({or} 24. Red1 Na5) 24... Qxe8 25. Bf4 $14) 24. Red1 Na5 25. Bxd6 $6 ({
If you're going to take d6, then go} 25. b4 {first:} Nc6 (25... Nb7 26. Nd4 $16
) 26. Bxd6 $16 {.}) 25... Bxd6 26. Qxd6 Qxd6 27. Rxd6 Rxd6 28. Rxd6 Kf8 $2 (
28... Nc4 29. Rd7 Nxb2 30. Rxa7 Re2 {...Nd1 or d3 is a threat. Pawns on f2, c3,
and a2 are all weak.}) 29. Rd7 Re7 $2 {Exchanging pieces when down material is
not a good idea.} 30. Rxe7 Kxe7 31. Kf1 Kd6 32. Ke2 Kd5 33. b3 Nc6 34. Kd3 b5
35. Nd2 (35. Nd4) 35... Ne5+ 36. Ke3 Kc5 37. f4 Nc6 38. a3 a5 39. g4 Ne7 40. c4
b4 41. axb4+ $6 (41. Ne4+ Kc6 42. axb4 axb4 43. Kd4 $18) 41... Kxb4 42. Kd3 Nc8
$6 (42... Nc6 $14) 43. Kd4 $16 a4 $2 44. bxa4 Kxa4 45. Kc5 Ka5 46. Kc6 Ne7+ 47.
Kd7 Ng6 48. c5 (48. f5 Ne5+ 49. Kd6 f6 50. c5) 48... Nxf4 49. c6 Nd5 50. c7 (
50. Kd6) 50... Kb5 51. c8=Q Nb6+ 52. Kc7 (52. Ke8 $1 Nxc8 53. Kxf7 $18) 52...
Nxc8 53. Kxc8 Kc6 54. Kd8 Kd6 55. Ke8 Ke6 56. Nf1 $2 (56. Kf8 $1 Kf6 (56... g6
57. Kg7 h5 (57... f5 58. Kxg6) 58. g5 Kf5 59. Nf3) 57. Nf3 g6 58. h4 $18) 56...
g6 $2 (56... f5 $1 57. Kf8 (57. gxf5+ Kxf5 58. Kf7 Kg5 59. Kxg7 Kh4) 57... fxg4
58. hxg4 Kf6 59. Nh2 Kg5 60. Kxg7 h5) 57. Kf8 f5 58. Kg7 h5 59. gxh5 (59. g5)
59... gxh5 60. Kg6 f4 61. Kxh5 f3 62. Kg4 f2 63. Kf3 Kf5 64. Kxf2 Kg5 65. Kg3
Kh5 66. h4 Kh6 67. Kg4 Kg6 68. h5+ Kh6 69. Ng3 Kg7 70. Kg5 Kh7 71. h6 Kg8 72.
Kg6 Kh8 73. Ne4 Kg8 74. Ng5 Kh8 75. Nf7+ Kg8 76. h7+ 1-0

[Event "SCC Tornado"]
[Site "Chess.com"]
[Date "2021.03.14"]
[Round "3"]
[White "Perez, Ignacio"]
[Black "Aleksandrov, Aleksej"]
[Result "1/2-1/2"]
[WhiteElo "2224"]
[BlackElo "2708"]
[Annotator "Ralph Dubisch"]
[PlyCount "83"]
[EventDate "2021.03.14"]
[TimeControl "3600+5"]

{[%evp 0,52,26,41,46,25,25,17,28,-10,4,8,21,-10,8,8,16,-21,-25,-20,-14,1,14,15,
28,-30,-13,-2,38,25,27,18,29,37,49,28,49,31,65,65,65,38,62,58,52,33,17,9,11,0,
9,-63,-48,-138,-73]} 1. e4 e5 2. Nf3 Nc6 3. Bb5 a6 4. Ba4 Nf6 5. O-O Be7 6. Re1
b5 7. Bb3 d6 8. c3 O-O 9. h3 Na5 10. Bc2 c5 11. d4 Qc7 12. Nbd2 cxd4 13. cxd4
Rd8 14. d5 Bd7 15. Nf1 Rdc8 16. Bd3 Bd8 (16... Nb7 17. Ng3 Nc5 18. Bf1 {
is "book" here, as far as I know. Instead, Black begins a queenside piece
migration that leaves the kingside just a tad lonely.}) 17. Ng3 Qa7 18. Qe2 Bb6
19. Bg5 Ne8 20. b3 f6 21. Bd2 Nb7 22. Rad1 (22. a4 $5 {A suggestion by the
Stockfish engine. If White can play a4-a5, kicking the bishop, followed by Be3,
things start to get quite uncomfortable for Black.} bxa4 23. bxa4 a5 24. Bb5
Bxb5 25. axb5 $14) 22... Nc5 23. Bb1 a5 24. Nh4 g6 25. Kh1 b4 26. f4 exf4 $2 (
26... a4 $13) 27. Bxf4 a4 28. Nh5 $5 (28. Nhf5 $5) (28. Qf3 axb3 29. axb3 $16)
28... axb3 29. axb3 Nxb3 30. e5 dxe5 31. Nxg6 hxg6 32. Bxg6 Nd4 33. Qe4 exf4
34. Bh7+ $2 ({Best:} 34. Bf7+ $3 Kxf7 35. Qh7+ Kf8 36. Re7 Be6 37. dxe6 Qxe7
38. Qh8#) ({Also} 34. Qxf4 $18 {continues the attack.}) 34... Kh8 35. Qxf4 Bg4
36. hxg4 Qxh7 37. Rxe8+ Rxe8 38. Qxf6+ Kg8 39. Qg5+ Kh8 40. Qf6+ Kg8 41. Qg5+
Kh8 42. Qf6+ {Game drawn by repetition} 1/2-1/2

[Event "Intermat Candidates"]
[Site "Chess.com"]
[Date "2021.03.20"]
[Round "?"]
[White "Tien, Sophie"]
[Black "Shubin, Daniel"]
[Result "1/2-1/2"]
[WhiteElo "2033"]
[BlackElo "2161"]
[Annotator "Ralph Dubisch"]
[PlyCount "68"]
[EventDate "2021.03.20"]

{[%evp 0,68,25,16,41,35,28,29,37,24,26,33,14,4,45,29,35,35,30,25,40,41,53,52,
63,55,53,49,169,53,62,59,51,58,98,94,78,89,147,153,147,65,78,79,76,93,149,137,
179,116,89,91,123,-19,-21,14,385,0,0,0,0,0,0,0,0,0,0,0,0,0,0]} 1. e4 e6 2. d4
d5 3. Nc3 Bb4 4. exd5 exd5 5. Bd3 Nc6 6. a3 Ba5 7. Be3 Nge7 8. Nge2 (8. Qh5 $5)
8... Bg4 (8... Bf5 $5) 9. h3 Bh5 (9... Bxc3+ 10. bxc3 Bf5) 10. O-O Qd7 11. Qd2
(11. b4 Bb6 12. Qd2 $14) 11... O-O-O $6 12. b4 Bb6 13. Rfb1 Nf5 14. Bxf5 Qxf5
15. Ng3 Qg6 16. Na4 f5 17. Nc5 ({Or} 17. Nxb6+ axb6 18. a4 {.}) 17... Qf7 18.
a4 a5 19. Nxh5 Qxh5 20. bxa5 Nxa5 21. Rb5 Nc4 22. Qc3 Qe8 23. Rab1 Rd6 24. a5 (
24. Bf4 $1) 24... Bxc5 25. dxc5 Rg6 26. Rxb7 (26. Bf4 $1) 26... Qe4 27. g3 Qf3
$2 (27... Nxe3 28. Qxe3 Qxe3 29. fxe3 Kd7 $13) 28. c6 $2 (28. Bf4 $3 Qxf4 (
28... Qxc3 29. Rxc7+ Kd8 30. Rb8#) 29. c6 ({Or} 29. Rb8+ Kd7 30. Rxh8 $18 {.})
29... Kd8 (29... Rxc6 30. Rb8+ Kd7 31. Qxg7+ Kd6 32. Qxh8 $18) 30. Rb8+ Ke7 31.
Rxh8 $18 {, for example} Nd2 32. Qc5+ Qd6 33. Re1+ Ne4 34. Qxd6+ Rxd6 35. a6 {.
}) 28... Rxg3+ 29. fxg3 Qxg3+ 30. Kf1 Qxh3+ 31. Ke2 Qg2+ 32. Ke1 Qg3+ 33. Kf1
Qh3+ 34. Ke2 Qg2+ {Game drawn by agreement} 1/2-1/2

[Event "Idaho Closed Weekend Open Section Blitz"]
[Site "Chess.com"]
[Date "2021.02.14"]
[Round "1"]
[White "Ang, Nobel"]
[Black "Fugal, Jeremy"]
[Result "1-0"]
[WhiteElo "1469"]
[BlackElo "1906"]
[Annotator "Ralph Dubisch"]
[PlyCount "75"]
[EventDate "2021.02.14"]
[EventType "swiss (blitz)"]
[EventRounds "4"]

1. d4 d5 2. Nf3 Nf6 3. e3 Bf5 4. Bd3 (4. c4) 4... Bxd3 (4... e6 5. Bxf5 exf5 6.
Qd3 Qc8) ({and} 4... Bg6 {are both viable alternatives.}) 5. Qxd3 (5. cxd3 $5 {
, taking away the e4-square from the black knight and half-opening the c-file
for offensive operations.}) 5... e6 (5... c6 {avoids the pawn grab.}) 6. Qb5+
Nbd7 7. Qxb7 Bd6 8. O-O O-O 9. Nbd2 c5 10. b3 $6 (10. c4) 10... Qe7 $6 (10...
Qa5 $13 {sets some developmental challenges for White, whose tenth move has
excluded some of the white queen's escape routes.} 11. Bb2 $4 Rab8 12. Qc6 Rb6
$19) 11. Bb2 Rfb8 12. Qa6 cxd4 13. exd4 Rb6 14. Qe2 a5 15. c4 dxc4 16. Nxc4
Rba6 17. Nxd6 Qxd6 18. Rac1 $6 (18. a4) ({or perhaps} 18. a3 {, when Black
doesn't seem to have enough for a pawn.}) 18... Nd5 (18... a4 19. Ne5 axb3 20.
axb3) 19. Rfd1 ({White has another chance to try} 19. a4 {.}) 19... a4 20. Ne5
axb3 21. Qf3 (21. axb3 Nxe5 22. dxe5 Qb8 23. Qf3 Rb6 24. Rd3 {and we can
safely call this equal, as it's hard to see how White can dislodge the central
knight or make any kind of progress with the b-pawn under pressure from
Black's major pieces.^^It's clear from the future avoidance of repetitions,
however, that Black isn't thrilled to take a draw.}) 21... N7f6 ({
Understandable, rather than letting the white queen take up residence near the
black king. However,} 21... Rxa2 $5 22. Qxf7+ Kh8 {is not entirely clear, and
gives both players chances to go wrong.}) 22. axb3 Ra2 23. Ra1 Qa6 24. h3 Qb7
25. Rxa2 Rxa2 26. Bc1 Qc8 27. Bg5 h6 28. Rc1 Qb8 29. Bxf6 Nxf6 30. Nc6 ({
White has made the most of the last few moves, and can now attempt to make
actual progress:} 30. b4 $1 Qxb4 $4 31. Rc8+ Kh7 32. Qd3+ $1 (32. Nxf7 $2 Qe1+
33. Kh2 Qxf2) 32... g6 33. Rc7 $1 {and Black is out of business.}) 30... Qd6
31. Ne5 ({Apparently offering a repetition, which Black declines.} 31. b4 {
is again an edge to White.}) 31... Qxd4 32. Rc8+ Kh7 33. Nxf7 Ra1+ (33... Ne4
$5) 34. Kh2 Kg6 $4 (34... Rf1 {minimizes White's advantage.}) 35. Nh8+ Kh7 36.
Nf7 $2 ({White again offers a repetition, but here he can win with} 36. Qg3 $1
{:} Qe4 (36... g5 37. Qc7+ Qd7 38. Qc2+ Kg7 39. Qg6#) (36... Ng8 37. Qg6+ Kxh8
38. Qf7) 37. Ng6 $3 Qxg6 (37... Ng4+ 38. Qxg4 Qxg4 39. Nf8+ Kg8 40. hxg4 $18)
38. Rh8+ Kxh8 39. Qxg6 $18) 36... Qd7 $4 (36... Rf1 {again survives:} 37. Rh8+
Kg6 38. Qd3+ Qxd3 39. Ne5+ Kf5 40. Nxd3 {when Black's activity likely provides
enough to hold against White's extra pawn.}) 37. Rh8+ Kg6 38. Ne5+ {Black is
not just losing the queen, but is first mated after 38...Kg5 39.h4+ Kxh4 40.
Qg3+ Kh5 41.Qg6+ Kh4 42.g3#. Quite a nice game.} 1-0

[Event "Casual Game"]
[Site "Boise, ID"]
[Date "2021.04.03"]
[Round "?"]
[White "Roland, Jeffrey T"]
[Black "Porth, Adam"]
[Result "1-0"]
[WhiteElo "1700"]
[BlackElo "1437"]
[Annotator "Roland,Jeffrey"]
[PlyCount "33"]
[EventDate "2021.??.??"]
[EventType "game"]
[EventCountry "USA"]

{Played in person at Black Rock Coffee Bar in Boise, ID.} 1. d4 d5 2. c4 c6 3.
e3 Nf6 4. Nf3 Bg4 5. Nc3 e6 6. Be2 Bb4 7. O-O Bxc3 8. bxc3 Ne4 9. Bd2 Qa5 10.
cxd5 Nxc3 {I immediately started thinking Black was making some inroads into
my position. Adam said something like there was only one move possible, Bxc3.
But I actually thought there was another possible move, all I needed to do was
prevent the threatened ...Nxe2+ from being check! So this position was
definitely the crux of the game. I couldn't really decide which was best
over-the-board at the time, but I just couldn't pass up the challenge to at
least find out what if I didn't play the automatic recapture... plus I did
feel that my next move was a little better, but something about it made me
nervous. After the game, Adam told me he felt that nobody he knows (even
masters) would have played what I played. What can I say, I am who I am!} 11.
Kh1 cxd5 12. Qe1 Nc6 13. Bxc3 Qc7 14. Rc1 Qe7 15. Ne5 Nxe5 16. dxe5 Bf5 $2 {
Even though he's down a piece for a pawn, I still think he must exchange the
bishop. The next move proves why.} 17. Bb5+ {If 17...Kf8 18.Bb4, and if 17...
Kd8 18.Bb4 Qg5 19.Qc3 and it's all over too. After the game we of course did
post-mortem analysis, with lots of what-if's along the way!} 1-0